Sociological analysis : (Record no. 34333)
[ view plain ]
| 000 -LEADER | |
|---|---|
| fixed length control field | 00960nam a2200289 4500 |
| 001 - CONTROL NUMBER | |
| control field | 34333 |
| 003 - CONTROL NUMBER IDENTIFIER | |
| rucl marc code | BD-RjUL |
| 005 - DATE AND TIME OF LATEST TRANSACTION | |
| control field | 20211209052137.0 |
| 008 - FIXED-LENGTH DATA ELEMENTS--GENERAL INFORMATION | |
| fixed length control field | 140515s1949 nyua b 001 0 eng |
| 035 ## - SYSTEM CONTROL NUMBER | |
| System control number | (BD-RjUL)34427 |
| -- | MITb10489913 |
| System control number | (OCoLC)00254214 |
| System control number | GLIS00489913 |
| 040 ## - CATALOGING SOURCE | |
| Original cataloging agency | DLC |
| Transcribing agency | WSU |
| Modifying agency | BD-RjUL |
| Language of cataloging | eng |
| 041 ## - LANGUAGE CODE | |
| Language code of text/sound track or separate title | eng |
| 082 04 - DEWEY DECIMAL CLASSIFICATION NUMBER | |
| Classification number | 301 |
| Author mark and year | WIS 1949 |
| 100 1# - MAIN ENTRY--PERSONAL NAME | |
| Personal name | Wilson, Logan |
| Dates associated with a name | 1907- |
| 9 (RLIN) | 104401 |
| 245 10 - TITLE STATEMENT | |
| Title | Sociological analysis : |
| Remainder of title | an introductory text and case book / |
| Statement of responsibility, etc. | Logan Wilson and William L. Kolb; under the editorship of Robert K. Merton. |
| 260 ## - PUBLICATION, DISTRIBUTION, ETC. (IMPRINT) | |
| Place of publication, distribution, etc. | New York ; |
| Name of publisher, distributor, etc. | Harcourt, Brace, |
| Date of publication, distribution, etc. | c1949. |
| 300 ## - PHYSICAL DESCRIPTION | |
| Pagination | xviii, 866 p. : |
| Illustrations | ill., maps, diagrs. ; |
| Size | 24 cm. |
| 504 ## - BIBLIOGRAPHY, ETC. NOTE | |
| Bibliography, etc | Include bibliography and index. |
| 650 #0 - SUBJECT ADDED ENTRY--TOPICAL TERM | |
| Topical term or geographic name as entry element | Sociology. |
| 9 (RLIN) | 104402 |
| 700 1# - ADDED ENTRY--PERSONAL NAME | |
| Personal name | Kolb, William L. |
| Fuller form of name | (William Lester) |
| Personal name | Merton, Robert King, |
| Dates associated with a name | 1910-2003. |
| 942 ## - ADDED ENTRY ELEMENTS (KOHA) | |
| Source of classification or shelving scheme | Dewey Decimal Classification |
| Koha item type | Books |
| Lost status | Source of classification or shelving scheme | Damaged status | Not for loan | Collection code | Permanent Location | Current Location | Shelving location | Date acquired | Source of acquisition | Cost, normal purchase price | Total Checkouts | Full call number | Date last seen | Copy number | Koha item type |
|---|---|---|---|---|---|---|---|---|---|---|---|---|---|---|---|
| Dewey Decimal Classification | Non-fiction | Central Library, University of Rajshahi | Central Library, University of Rajshahi | 30/09/1965 | Zetlinger | 60.00 | 301 WIS 1949 | 15/05/2014 | C-4 | Books | |||||
| Dewey Decimal Classification | Not For Loan | Non-fiction | Central Library, University of Rajshahi | Central Library, University of Rajshahi | Reading Room | 27/09/1965 | Zeitlinger | 60.00 | 301 WIS 1949 | 22/12/2016 | C-1 | Books |